|
|
|
|
| LEADER |
00000caa a22000002c 4500 |
| 001 |
260957852 |
| 003 |
DE-627 |
| 005 |
20220512115740.0 |
| 007 |
tu |
| 008 |
160223s1997 gw ||||| 00| ||ger c |
| 035 |
|
|
|a (DE-627)260957852
|
| 035 |
|
|
|a (DE-576)456012095
|
| 035 |
|
|
|a (DE-599)GBV260957852
|
| 040 |
|
|
|a DE-627
|b ger
|c DE-627
|e rakwb
|
| 041 |
|
|
|a ger
|
| 044 |
|
|
|c XA-DE
|
| 100 |
1 |
|
|a Schulz, Ulrike
|0 (DE-627)1232994839
|0 (DE-576)162994834
|4 aut
|
| 109 |
|
|
|a Schulz, Ulrike
|a Malesky, Ulrike
|
| 245 |
1 |
4 |
|a Das Erwerbskonzept des Europäischen Haushaltspanels
|c Ulrike Schulz
|
| 264 |
|
1 |
|c 1997
|
| 300 |
|
|
|b Graph. Darst
|
| 336 |
|
|
|a Text
|b txt
|2 rdacontent
|
| 337 |
|
|
|a ohne Hilfsmittel zu benutzen
|b n
|2 rdamedia
|
| 338 |
|
|
|a Band
|b nc
|2 rdacarrier
|
| 650 |
|
7 |
|8 1.1\x
|a Stichprobenerhebung
|0 (DE-627)091392675
|0 (DE-2867)15243-6
|2 stw
|
| 650 |
|
7 |
|8 1.2\x
|a Einkommensverteilung
|0 (DE-627)091356199
|0 (DE-2867)11735-5
|2 stw
|
| 650 |
|
7 |
|8 1.3\x
|a Arbeitsmarkt
|0 (DE-627)091347572
|0 (DE-2867)11183-4
|2 stw
|
| 650 |
|
7 |
|8 1.4\x
|a EU-Staaten
|0 (DE-627)091358639
|0 (DE-2867)17983-5
|2 stw
|
| 650 |
|
7 |
|8 1.5\x
|a Privater Haushalt
|0 (DE-627)091384281
|0 (DE-2867)13398-1
|2 stw
|
| 655 |
|
4 |
|0 (DE-206)49
|a Aufsatz in Zeitschrift
|5 DE-206
|
| 773 |
0 |
8 |
|i In
|t Wirtschaft und Statistik
|d Wiesbaden : Statistisches Bundesamt, 1921
|g 1997,2, S. 81-91
|w (DE-627)129510750
|w (DE-600)210134-8
|w (DE-576)014917947
|x 0043-6143
|7 nnas
|
| 773 |
1 |
8 |
|g year:1997
|g pages:81-91
|
| 935 |
|
|
|a mkri
|
| 951 |
|
|
|a AR
|
| ELC |
|
|
|b 1
|
| LOK |
|
|
|0 000 xxxxxcx a22 zn 4500
|
| LOK |
|
|
|0 001 3301085466
|
| LOK |
|
|
|0 003 DE-627
|
| LOK |
|
|
|0 004 260957852
|
| LOK |
|
|
|0 005 20160223100831
|
| LOK |
|
|
|0 008 160208||||||||||||||||ger|||||||
|
| LOK |
|
|
|0 040
|a DE-21-110
|c DE-627
|d DE-21-110
|
| LOK |
|
|
|0 689
|a s
|a Europäische Union
|
| LOK |
|
|
|0 689
|a s
|a Wohlstandsverteilung
|
| LOK |
|
|
|0 689
|a s
|a Wohlstandsentwicklung
|
| LOK |
|
|
|0 852
|z Kein Bestand am IfK; Nachweis für KrimDok
|
| LOK |
|
|
|0 852
|a DE-21-110
|
| LOK |
|
|
|0 852 1
|m v
|9 00
|
| LOK |
|
|
|0 935
|a k110
|
| LOK |
|
|
|0 938
|k v
|
| LOK |
|
|
|0 939
|a 08-02-16
|b l01
|
| ORI |
|
|
|a SA-MARC-krimdoka001.raw
|